Llwytho...
LEADER 01067nam a22002177a 4500
020 |a 81-8423-056-7 
082 |a 891.443  |b BIM/A P7.M 
100 |a ബിമല്‍ മിത്ര;  |9 271180 
100 |a Bimal Mithra  |9 271181 
240 |a Yudhishtirajanmam = Aar Ek Yudhishtir 
245 |a യുധിഷ്ഠിരജന്മം = ആര്‍ ഇക് യുധിഷ്ഠിര്‍ 
250 |a 1st 
260 |a Thrissur;  |b Green Books Private Limited;  |c 2007 
300 |a 152p. 
650 |a മലയാളം; നോവല്‍; മലയാളം നോവല്‍; ബംഗാളി വിവര്‍ത്തന നോവല്‍   |9 270386 
650 |a Malayalam; Novel; Malayalam Novel; Bengali Translated Novel  |9 270387 
700 |a എം കെ എന്‍ പോറ്റി, വിവ.  |9 271182 
700 |a M K N Potty, Tr.  |9 271183 
942 |c BK 
999 |c 47631  |d 47631 
952 |0 0  |1 0  |4 0  |6 891_443000000000000_BIM_A_P7_M  |7 0  |8 NOVET  |9 56024  |a MAL  |b MAL  |d 2015-12-09  |e 56388  |g 95.00  |l 0  |o 891.443 BIM/A P7.M  |p MAL056388  |r 2015-12-09  |t 1  |w 2015-12-09  |y BK